| 000 | 00683nam a2200253 i 4500 | ||
|---|---|---|---|
| 001 | bg | ||
| 100 | 1 | _aZIEGLER, Robert L. | |
| 245 | 1 | 0 |
_aLinux firewalls / _cRobert L. Ziegler. |
| 260 |
_aWrocław : _b"Robomatic", _c2001. |
||
| 300 |
_a448 s. ; _c24 cm. |
||
| 490 | 1 |
_aBiblioteka Problemów ; _v11 |
|
| 504 | _aIndeks. | ||
| 650 | 9 | _aLinux | |
| 650 | 9 |
_aSieć komputerowa _xochrona |
|
| 830 | _aBiblioteka Problemów ; | ||
| 020 | _a8387150266 | ||
| 040 | _cBPK | ||
| 041 | 1 |
_apl _hen |
|
| 080 | _a004.451(07)Linux:004.056 | ||
| 920 | _a83-87150-26-6 | ||
| 942 | _cKS | ||
| 008 | s pl f |000 0 pol | ||
| 999 |
_c40061 _d40061 |
||
| 856 |
_uhttp://koha.tu.koszalin.pl/cgi-bin/koha/opac-detail.pl?biblionumber=40061 _yKatalog online BPK |
||